[Event "BI-2012-P-00023"]
[Site "LSS email"]
[Date "2012.04.20"]
[Round "?"]
[White "Couspeyre, Thierry"]
[Black "Reynolds, Michael"]
[Result "1-0"]
[WhiteElo "1191"]
[BlackElo "927"]
[PlyCount "37"]
[EventDate "2012.04.22"]
[EventType "tourn (corr)"]
[EventRounds "10"]
[EventCountry "GER"]
[SourceTitle "Corr 2015"]
[Source "ChessBase"]
[SourceDate "2015.07.17"]
[SourceVersion "1"]
[SourceVersionDate "2015.07.17"]
[SourceQuality "1"]

1. e4 c5 2. Nf3 d6 3. d4 cxd4 4. Nxd4 Nf6 5. Nc3 a6 6. f4 e5 7. Nf3 Nbd7 8. Be2 b5 9. 0-0 Bb7 10. Kh1 Be7 11. fxe5 dxe5 12. Bd3 0-0 13. Bg5 b4 14. Bxf6 Nxf6 15. Ne2 Nxe4 16. Nxe5 Qc7 17. Nf3 Rad8 18. Qe1 Rfe8 19. Rc1 1-0

[Event "RN-2012-0-00468"]
[Site "LSS email"]
[Date "2012.04.06"]
[Round "?"]
[White "Bester, Kazimierz"]
[Black "Reynolds, Michael"]
[Result "1-0"]
[WhiteElo "789"]
[BlackElo "925"]
[PlyCount "50"]
[EventDate "2012.03.19"]
[EventType "tourn (corr)"]
[EventRounds "6"]
[EventCountry "GER"]
[SourceTitle "Corr 2015"]
[Source "ChessBase"]
[SourceDate "2015.07.17"]
[SourceVersion "1"]
[SourceVersionDate "2015.07.17"]
[SourceQuality "1"]

1. f4 d5 2. Nf3 g6 3. e3 Bg7 4. Be2 Nf6 5. 0-0 0-0 6. d4 c5 7. Ne5 Nc6 8. Rf3 Ne4 9. c3 Qc7 10. Nd2 Bf5 11. Nxe4 Bxe4 12. Rf2 Nxe5 13. fxe5 f6 14. exf6 exf6 15. Qf1 f5 16. c4 cxd4 17. Kh1 Be5 18. Bf3 Bxh2 19. exd4 Bg3 20. Bxe4 fxe4 21. Rxf8+ Rxf8 22. Qd1 Qe7 23. Bg5 Qxg5 24. Kg1 Qh6 25. Qg4 Qh2# 1-0

[Event "RN-2012-0-00468"]
[Site "LSS email"]
[Date "2012.04.06"]
[Round "?"]
[White "Reynolds, Michael"]
[Black "Neil, Charles"]
[Result "0-1"]
[WhiteElo "925"]
[BlackElo "643"]
[PlyCount "43"]
[EventDate "2012.03.19"]
[EventType "tourn (corr)"]
[EventRounds "6"]
[EventCountry "GER"]
[SourceTitle "Corr 2015"]
[Source "ChessBase"]
[SourceDate "2015.07.17"]
[SourceVersion "1"]
[SourceVersionDate "2015.07.17"]
[SourceQuality "1"]

1. e4 e5 2. Nf3 Nc6 3. Bb5 a6 4. Ba4 Nf6 5. 0-0 b5 6. Bb3 Be7 7. Re1 0-0 8. h3 d6 9. c3 Nb8 10. d4 Bb7 11. Nbd2 Nbd7 12. Bc2 Re8 13. Nf1 c5 14. d5 Bf8 15. b3 Qb6 16. Ne3 g6 17. a4 Bg7 18. Qe2 Rac8 19. Bd2 b4 20. Nc4 Qd8 21. Nxd6 Nf8 22. Nxb7 0-1

[Event "RN-2012-0-00461"]
[Site "LSS email"]
[Date "2012.03.13"]
[Round "?"]
[White "Venturas, Bob"]
[Black "Reynolds, Michael"]
[Result "0-1"]
[WhiteElo "685"]
[BlackElo "1120"]
[PlyCount "48"]
[EventDate "2012.03.04"]
[EventType "tourn (corr)"]
[EventRounds "6"]
[EventCountry "GER"]
[SourceTitle "Telechess CBM 155"]
[Source "ChessBase"]
[SourceDate "2013.07.16"]
[SourceVersion "1"]
[SourceVersionDate "2013.07.16"]
[SourceQuality "1"]

1. d4 Nf6 2. Nc3 d5 3. h3 c5 4. Nf3 cxd4 5. Nxd4 e5 6. Nb3 d4 7. Nb1 a5 8. a4 Nc6 9. g3 Qd5 10. Rg1 Be6 11. Bg2 Qd7 12. g4 Be7 13. f4 Bxb3 14. cxb3 0-0 15. Bxc6 Qxc6 16. fxe5 Nd7 17. Bf4 Qe4 18. Rf1 Bh4+ 19. Kd2 Rac8 20. Na3 Nc5 21. Rc1 d3 22. e3 Qg2+ 23. Kc3 Nxa4+ 24. Kxd3 Rfd8# 0-1